000 00274nam a22001337a 4500
008 170921b xxu||||| |||| 00| 0 eng d
020 _a0850474667
041 _aeng
080 _a7
100 _a45
101 _aART
245 _aPEOPLE
_cMARSHALL.S
942 _2udc
_cBK
999 _c28661
_d28661